000 00654nam a2200217Ia 4500
003 OSt
005 20220918202253.0
006 a|||||r|||| 00| 0
007 ta
008 220917b |||||||| |||| 00| 0 eng d
024 _a99,946
037 _cTextual
040 _aARTS
_cARTS
_beng
041 _2eng
_aeng
082 _aV2:1-8'L8, H9.16
245 0 _aFort William-India house correspondence and other contemporary papers relating thereto
_b Foreign secret and political ed by Syed Hasan Askari
260 _aDelhi
_bContro
_c1949
650 _aHISTORY
942 _hV2:1-8'L8, H9.16
_cTEXL
_2CC
999 _c223505
_d223505